000 00204nam a22000857a 4500
008 161124b xxu||||| |||| 00| 0 eng d
100 _91348
_aAustralian Council
245 _aEnglish
260 _aAustralian
_c2007
999 _c4061
_d4061